Tom Robbins Novels Quiz Stats

 Plays Quiz Updated Apr 3, 2020

     
Support Sporcle.
Go Orange.
Score 0/8 Timer 03:00
0 Plays Today
Year Novel % Correct
1976Even Cowgirls Get the Blues
80.5%
1984Jitterbug Perfume
67.3%
1980Still Life with Woodpecker
62.2%
1990Skinny Legs and All
55%
1971Another Roadside Attraction
51.4%
1994Half Asleep in Frog Pajamas
45.3%
2000Fierce Invalids Home from Hot Climates
34.5%
2003Villa Incognito
33.6%

From the Vault

American Wars by Map

by Hejman

History 5m
The United States has been involved in a skirmish or two.
Remove Ads.
Support Sporcle.
Get the best of Sporcle when you Go Orange. This ad-free experience offers more features, more stats, and more fun while also helping to support Sporcle. Thank you for becoming a member.

Show Comments

Extras

Top Quizzes Today


Score Distribution

Your Account Isn't Verified!

In order to create a playlist on Sporcle, you need to verify the email address you used during registration. Go to your Sporcle Settings to finish the process.

Report this User

Report this user for behavior that violates our Community Guidelines.

Details: